zpět

Detail výsledku týmu

Pivní burza Jánská, Brno

Datum a čas kvízu

18.5 Celkem bodů Celkový počet nahraných bodů na tomto kvízu bez doplňovacích otázek.
5. Pořadí na kvízu Konečné umístění týmu na tomto kvízu.

Zaznamenané odpovědi

# Otázka Odpověď Body Výsledky
1. Loni si do nařízení Evropské u... mandlovice 1
2. Taxikář Jorge ze španělského m... jezdí v sukni 1
3. Minulý týden se vrátil do kin... Hana Brejchová 0
4. Americký fond General Atlantic... Kiwi.com 1
5. Oštěpařka Barbora Špotáková se... Řím 0
6. Na každé písmeno abecedy exist... geologie 1
5. Jaký je název lékařského oboru... geriatrie 0
8. Uveďte název nauky o určování... geochronologie 0
5. Tentokrát nás bude zajímat náz... genealogie 1
5. Jak se nazývá nauka o vztahu k... gastronomie 0